Valuation of leisure property for rating (Record no. 80038)
[ view plain ]
| 000 -LEADER | |
|---|---|
| fixed length control field | 01485cab a22003255a 4500 |
| 001 - CONTROL NUMBER | |
| control field | L143045 |
| 008 - FIXED-LENGTH DATA ELEMENTS--GENERAL INFORMATION | |
| fixed length control field | 080215s2008 xxkad f v 000 0 eng d |
| 035 ## - SYSTEM CONTROL NUMBER | |
| System control number | (Sirsi) u143045 |
| 041 0# - LANGUAGE CODE | |
| Language code of text/sound track or separate title | eng |
| 100 1# - MAIN ENTRY--PERSONAL NAME | |
| Personal name | Brown, Peter |
| 245 00 - TITLE STATEMENT | |
| Title | Valuation of leisure property for rating |
| Remainder of title | the receipts and expenditure approach |
| 260 ## - PUBLICATION, DISTRIBUTION, ETC. | |
| Date of publication, distribution, etc. | 2008 |
| 490 #0 - SERIES STATEMENT | |
| Series statement | Journal of Retail and Leisure Property |
| Volume/sequential designation | 7(1), 2008, 53-67(15) |
| 520 ## - SUMMARY, ETC. | |
| Summary, etc. | Reviews the development and application of the receipts and expenditure approach to the valuation of leisure property for non-domestic rating purposes. Details the approach. Highlights some of the key issues in applying this method. Reviews selected Lands Tribunal decisions in this area. |
| 650 24 - SUBJECT ADDED ENTRY--TOPICAL TERM | |
| Topical term or geographic name entry element | UNDERDOWN (VO) V CLACTON PIER CO LTD AND CLACTON UDC |
| 650 24 - SUBJECT ADDED ENTRY--TOPICAL TERM | |
| Topical term or geographic name entry element | BRUNNING AND PRICE LTD V COWELL (VO) |
| 650 24 - SUBJECT ADDED ENTRY--TOPICAL TERM | |
| Topical term or geographic name entry element | CLOCKFAIR LTD V HARRINGTON (VO) |
| 650 24 - SUBJECT ADDED ENTRY--TOPICAL TERM | |
| Topical term or geographic name entry element | EASTBOURNE BC AND ANOTHER V ALLEN (VO) |
| 650 24 - SUBJECT ADDED ENTRY--TOPICAL TERM | |
| Topical term or geographic name entry element | FELGATE (VO) V LOTUS LEISURE ENTERPRISES |
| 650 24 - SUBJECT ADDED ENTRY--TOPICAL TERM | |
| Topical term or geographic name entry element | GALGATE CRICKET CLUB V DOYLE (VO) |
| 650 24 - SUBJECT ADDED ENTRY--TOPICAL TERM | |
| Topical term or geographic name entry element | GODFREY V SIM (VO) |
| 650 24 - SUBJECT ADDED ENTRY--TOPICAL TERM | |
| Topical term or geographic name entry element | MARTIN AND OTHERS V HEWITT (VO) |
| 650 24 - SUBJECT ADDED ENTRY--TOPICAL TERM | |
| Topical term or geographic name entry element | OADES AND ANOTHER V EKE (VO) |
| 650 24 - SUBJECT ADDED ENTRY--TOPICAL TERM | |
| Topical term or geographic name entry element | RUDD (VO) V CINDERELLA ROCKERFELLAS LTD |
| 650 24 - SUBJECT ADDED ENTRY--TOPICAL TERM | |
| Topical term or geographic name entry element | UNITED SERVICES AND SERVICES RENDERED CLUB (TOOTING AND BALHAM) LTD AND THE PUTNEY CLUB V THORNELEY (VO) |
| 650 24 - SUBJECT ADDED ENTRY--TOPICAL TERM | |
| Topical term or geographic name entry element | WITHERS AND DALLING(VO) |
| 651 #4 - SUBJECT ADDED ENTRY--GEOGRAPHIC NAME | |
| Geographic name | Europe |
| 690 ## - LOCAL SUBJECT ADDED ENTRY--TOPICAL TERM (OCLC, RLIN) | |
| Topical term or geographic name as entry element | PROPERTY-PROPERTY APPRAISAL AND VALUATION |
| 942 ## - ADDED ENTRY ELEMENTS (KOHA) | |
| Suppress in OPAC | 0 |
| Withdrawn status | Lost status | Source of classification or shelving scheme | Damaged status | Not for loan | Home library | Current library | Shelving location | Date acquired | Total Checkouts | Full call number | Barcode | Date last seen | Copy number | Price effective from | Koha item type |
|---|---|---|---|---|---|---|---|---|---|---|---|---|---|---|---|
| Dewey Decimal Classification | London | London | Journal article | 03/04/2008 | L143045 | 143045-1001 | 06/08/2019 | 1 | 06/08/2019 | Journal article |